A pictorial history of costume (Record no. 450)

MARC details
000 -CABECERA
campo de control de longitud fija 00852nam a2200229 a 4500
001 - NÚMERO DE CONTROL
campo de control BRCA_518
005 - FECHA Y HORA DE LA ÚLTIMA TRANSACCIÓN
campo de control 20190320203038.0
008 - DATOS DE LONGITUD FIJA--INFORMACIÓN GENERAL
campo de control de longitud fija 871207s1988 nyua---###---#001-0#eng-#
020 ## - NÚMERO INTERNACIONAL ESTÁNDAR DEL LIBRO
Número Internacional Estándar del Libro 0517658321
040 ## - FUENTE DE LA CATALOGACIÓN
Centro catalogador/agencia de origen DLC
Centro/agencia transcriptor DLC
Centro/agencia modificador DLC
041 ## - CÓDIGO DE LENGUA
Código de lengua del texto/banda sonora o título independiente engger
050 #4 - SIGNATURA TOPOGRÁFICA DE LA BIBLIOTECA DEL CONGRESO
Número de clasificación GT513
Número de documento/Ítem .B78 1988
100 1# - ENTRADA PRINCIPAL--NOMBRE DE PERSONA
Nombre de persona Bruhn, Wolfgang
9 (RLIN) 1781
245 10 - MENCIÓN DE TÍTULO
Título A pictorial history of costume
Resto del título a survey of costume of all periods and peoples from antiquity to modern times including national costume in Europe and non-European countries
Mención de responsabilidad, etc. Wolfgang Bruhn, Max Tilke.
260 ## - PUBLICACIÓN, DISTRIBUCIÓN, ETC.
Lugar de publicación, distribución, etc. Nueva York
Nombre del editor, distribuidor, etc. Arch Cape
Fecha de publicación, distribución, etc. 1988
300 ## - DESCRIPCIÓN FÍSICA
Extensión 200 p.
Otras características físicas il. (algunas a color)
Dimensiones 31 cm.
500 ## - NOTA GENERAL
Nota general Traducción de: Kostümwerk
650 14 - PUNTO DE ACCESO ADICIONAL DE MATERIA--TÉRMINO DE MATERIA
Término de materia o nombre geográfico como elemento de entrada Prendas de vestir
Subdivisión de forma Trabajos Ilustrados
Subdivisión general Historia
Subdivisión cronológica Hasta el siglo XIX
9 (RLIN) 1782
653 0# - TÉRMINO DE INDIZACIÓN--NO CONTROLADO
Término no controlado Indumentaria
700 1# - PUNTO DE ACCESO ADICIONAL--NOMBRE DE PERSONA
Nombre de persona Tilke, Max
Fechas asociadas al nombre 1869-1942
9 (RLIN) 1783
942 ## - ELEMENTOS DE PUNTO DE ACCESO ADICIONAL (KOHA)
Fuente del sistema de clasificación o colocación Library of Congress Classification
Tipo de ítem Koha Libros
Holdings
Estado de retiro Estado de pérdida Estado dañado No para préstamo Localización permanente Ubicación/localización actual Fecha de adquisición Total de préstamos Signatura topográfica completa Código de barras Fecha visto por última vez Precio válido a partir de Tipo de ítem Koha
El ejemplar forma parte de la colección y puede ser consultado según las políticas vigentes.       Biblioteca del Museo Franz Mayer (Rogerio Casas-Alatriste) Biblioteca del Museo Franz Mayer (Rogerio Casas-Alatriste) 25/06/2008   GT513 .B78 1988 00833 22/03/2019 22/03/2019 Libros